000 00575nam a2200229Ia 4500
003 OSt
005 20220918180821.0
006 a|||||r|||| 00| 0
007 ta
008 220917b |||||||| |||| 00| 0 eng d
024 _a24,305
037 _cTextual
040 _aARTS
_cARTS
_beng
041 _2eng
_aeng
082 _aO:u3:L8, H9.1, H91.1
100 _aJames D G.
_954861
245 0 _aEnglish augustans
260 _c1949
650 _aENGLISH LITERATURE
942 _hO:u3:L8, H9.1, H91.1
_cTEXL
_2CC
999 _c163277
_d163277